Gagnant YOUTH LEAGUE - Statistiques

Statistiques générales
  • Ce quiz a été pris 67 fois
  • Le résultat moyen est 5 sur 7
Statistiques - réponses
Nombre de
Victoire :
Pays : Réponse % Correct
2 Espagne FC Barcelone
98%
1 Portugal FC Porto
94%
1 Espagne Real Madrid
91%
2 Angleterre FC Chelsea
83%
1 Autriche Red Bull Salzburg
58%
1 Pays-Bas AZ Alkmaar
31%
1 Portugal Benfica Lisbone
17%
Aucun quiz correspondant
Distribution des résultats
% des personnes avec chaque résultat
Percentile par nombre de réponses
Votre historique - résultats
Vous n’avez pas pris ce quiz